<?xml version="1.0" encoding="UTF-8"?>
<record
    xmlns:xsi="http://www.w3.org/2001/XMLSchema-instance"
    xsi:schemaLocation="http://www.loc.gov/MARC21/slim http://www.loc.gov/standards/marcxml/schema/MARC21slim.xsd"
    xmlns="http://www.loc.gov/MARC21/slim">

  <leader>01156nam a2200217 a 4500</leader>
  <controlfield tag="001">38808</controlfield>
  <controlfield tag="003">BD-RjUL</controlfield>
  <controlfield tag="005">20211209052849.0</controlfield>
  <controlfield tag="008">160302s1996    bg ||||| |||| 00| 0 ben d</controlfield>
  <datafield tag="035" ind1=" " ind2=" ">
    <subfield code="a">(BD-RjUL)38917</subfield>
  </datafield>
  <datafield tag="040" ind1=" " ind2=" ">
    <subfield code="a">BD-RjUL</subfield>
    <subfield code="b">ben</subfield>
    <subfield code="c">BD-RjUL</subfield>
  </datafield>
  <datafield tag="041" ind1=" " ind2=" ">
    <subfield code="a">ben</subfield>
  </datafield>
  <datafield tag="082" ind1=" " ind2=" ">
    <subfield code="2">23</subfield>
    <subfield code="a">379.5492</subfield>
    <subfield code="b">BEN 1996</subfield>
  </datafield>
  <datafield tag="245" ind1=" " ind2=" ">
    <subfield code="a">&#x9AC;&#x9C7;&#x999;&#x9CD;&#x997;&#x9B2; &#x98F;&#x9A1;&#x9C1;&#x995;&#x9C7;&#x9B6;&#x9A8; &#x995;&#x9CB;&#x9A1; &#x985;&#x9A8;&#x9C1;&#x995;&#x9B0;&#x9A3;&#x9C7; &#x9AC;&#x9C7;&#x9B8;&#x9B0;&#x995;&#x9BE;&#x9B0;&#x9C0; &#x9B6;&#x9BF;&#x995;&#x9CD;&#x9B7;&#x9BE;  &#x9AA;&#x9CD;&#x9B0;&#x9A4;&#x9BF;&#x9B7;&#x9CD;&#x9A0;&#x9BE;&#x9A8; &#x997;&#x9BE;&#x987;&#x9A1;, &#x9E7;&#x9EF;&#x9EF;&#x9EC; = Administrative and Management for Non-Government eductional Institutions /</subfield>
    <subfield code="c">&#x9B8;&#x982;&#x995;&#x9B2;&#x9A8; &#x993; &#x9B8;&#x9AE;&#x9CD;&#x9AA;&#x9BE;&#x9A6;&#x9A8;&#x9BE; : &#x9AB;&#x99C;&#x9B2;&#x9C1;&#x9B0; &#x9B0;&#x9B9;&#x9AE;&#x9BE;&#x9A8;</subfield>
  </datafield>
  <datafield tag="260" ind1=" " ind2=" ">
    <subfield code="a">&#x9A2;&#x9BE;&#x995;&#x9BE;:</subfield>
    <subfield code="b">&#x98F;&#x9AE;. &#x98F;. &#x997;&#x9A8;&#x9BF;,</subfield>
    <subfield code="c">&#x9E7;&#x9EF;&#x9EF;&#x9EC;</subfield>
  </datafield>
  <datafield tag="300" ind1=" " ind2=" ">
    <subfield code="a">xxv, &#x9EB;&#x9EB;&#x9ED; &#x9AA;&#x9C3;. :</subfield>
    <subfield code="b">&#x99A;&#x9BF;&#x9A4;&#x9CD;&#x9B0; ; </subfield>
    <subfield code="c">&#x9E8;&#x9EE; &#x9B8;&#x9C7;&#x9AE;&#x9BF;.</subfield>
  </datafield>
  <datafield tag="650" ind1=" " ind2=" ">
    <subfield code="a">&#x9B6;&#x9BF;&#x995;&#x9CD;&#x9B7;&#x9BE; &#x9AA;&#x9CD;&#x9B0;&#x9A4;&#x9BF;&#x9B7;&#x9CD;&#x9A0;&#x9BE;&#x9A8;, &#x9AC;&#x9C7;&#x9B8;&#x9B0;&#x995;&#x9BE;&#x9B0;&#x9C0;</subfield>
    <subfield code="v">&#x9AC;&#x9BF;&#x9A7;&#x9BF;&#x9AE;&#x9BE;&#x9B2;&#x9BE;</subfield>
    <subfield code="z">&#x9AC;&#x9BE;&#x982;&#x9B2;&#x9BE;&#x9A6;&#x9C7;&#x9B6;</subfield>
    <subfield code="9">119709</subfield>
  </datafield>
  <datafield tag="650" ind1=" " ind2=" ">
    <subfield code="a">Educational Institutions, Non Government</subfield>
    <subfield code="v">Laws</subfield>
    <subfield code="z">Bangladesh</subfield>
    <subfield code="9">119710</subfield>
  </datafield>
  <datafield tag="700" ind1=" " ind2=" ">
    <subfield code="a">&#x9B0;&#x9B9;&#x9AE;&#x9BE;&#x9A8;, &#x9AB;&#x99C;&#x9B2;&#x9C1;&#x9B0;, &#x9B8;&#x982;&#x995;. &#x993; &#x9B8;&#x9AE;&#x9CD;&#x9AA;&#x9BE;.  </subfield>
    <subfield code="9">119711</subfield>
  </datafield>
  <datafield tag="942" ind1=" " ind2=" ">
    <subfield code="2">ddc</subfield>
    <subfield code="c">RAR</subfield>
  </datafield>
  <datafield tag="999" ind1=" " ind2=" ">
    <subfield code="c">38808</subfield>
    <subfield code="d">38808</subfield>
  </datafield>
  <datafield tag="952" ind1=" " ind2=" ">
    <subfield code="0">0</subfield>
    <subfield code="1">0</subfield>
    <subfield code="2">ddc</subfield>
    <subfield code="4">0</subfield>
    <subfield code="7">1</subfield>
    <subfield code="8">RARE</subfield>
    <subfield code="a">RUCL</subfield>
    <subfield code="b">RUCL</subfield>
    <subfield code="c">Rare</subfield>
    <subfield code="d">1996-10-24</subfield>
    <subfield code="e">Book Syndicate, Dhaka</subfield>
    <subfield code="g">500.00</subfield>
    <subfield code="l">0</subfield>
    <subfield code="o">BRA 379.5492 BEN 1996</subfield>
    <subfield code="r">2016-03-02 00:00:00</subfield>
    <subfield code="t">C-1</subfield>
    <subfield code="w">2021-12-09</subfield>
    <subfield code="y">RAR</subfield>
  </datafield>
</record>
